000 00447nam a22001697a 4500
005 20251108175712.0
008 250721s9999 xx 000 0 ara d
082 1 4 _aJ/F/CRA
245 1 4 _aTHE CRAB and the CRANE /
264 1 _aDELHI :
_bMANOJ PUBLICATIONS،
300 _aP(22).
490 0 _aPRESCHOOL READER FOR BEGINNERS
650 1 7 _aFICTION
653 _aاطفال مرحلة متوسطة(9-6
942 _2ddc
_cBK
999 _c140359
_d140359